| 000 | 00000nam 2200000za 4500 |
| 001 | 9.698238 |
| 003 | CaOODSP |
| 005 | 20210624235834 |
| 007 | cr ||||||||||| |
| 008 | 150407r19691967xxc ||||o f000 0 eng d |
| 040 | |aCaOODSP|beng |
| 043 | |an-cn--- |
| 086 | 1 |aA53-1260/1969E-PDF |
| 100 | 1 |aPhillips, W. R. |
| 245 | 10|aHandbook on the storage of fruits and vegetables for farm and commercial use |h[electronic resource] / |cprepared by W.R. Phillips, Food Research Institute and J.G. Armstrong, Food Research Information Office. |
| 260 | |aOttawa : |bAgriculture Canada, |cc1967 (1969 printing). |
| 300 | |a50 p. |
| 500 | |aHistorical publication digitized by Agriculture and Agri-Food Canada. |
| 500 | |aIssued also in French under title: L'entreposage des fruits et des légumes à la ferme et dans le commerce. |
| 504 | |aIncludes bibliographical references. |
| 590 | |a13-17-Supp|b2013-07-25 |
| 690 | 07|aStorage|2gcpds |
| 690 | 07|aAgri-food products|2gcpds |
| 700 | 1 |aArmstrong, J. G. |
| 710 | 1 |aCanada.|bAgriculture Canada.|bResearch Branch. |
| 775 | 08|tL'entreposage des fruits et des légumes à la ferme et dans le commerce |w(CaOODSP)9.641589 |
| 856 | 40|ahttp://publications.gc.ca|qPDF|s3.33 MB|uhttps://publications.gc.ca/collections/collection_2013/aac-aafc/agrhist/A53-1260-1969-eng.pdf |
| 986 | |aPublicatioon 1260 |